000 01071nam a2200217Ii 4500
003 JO-AjNU
008 230605s9999||||xx |||||||||||||| ||und||
017 _a23792
020 _a978-977-6253-26-1
040 _aJO-AjNU
_bara
_erda
_cJO-AjNU
041 _aara
050 1 4 _aK843.2010
100 3 _aالعزب، أمير,
_eauthor
_943943
245 0 0 _aقاموس المصطلحات والتعبيرات القانونية-السياسية-الدبلوماسية-الاقتصادية-التجارية والمالية المتداولة عربي - انجليزي 8000 مصطلح وتعبير
264 3 1 _aمصر: دار الفكر والقانون، 2010
300 _aمتعدد الترقيم
336 _atext
_btxt
_2rdacontent
337 _aunmediated
_bn
_2rdamedia
338 _avolume
_bnc
_2rdacarrier
650 4 _aالقانون -- معجم مصطلحات -- السياسة -- معجم مصطلحات -- الدبلوماسية -- معجم مصطلحات -- الاقتصاد -- معجم مصطلحات -- التجارة -- معجم مصطلحات
_943944
999 _aA18932
_c22500
_d22500